| 000 | 00824cai a22002055a 4500 | ||
|---|---|---|---|
| 001 | L156070 | ||
| 008 | 120427u2012 xxk g 000 0 eng d | ||
| 035 | _a(Sirsi) u156070 | ||
| 041 | 0 | _aeng | |
| 110 | 2 |
_aEnergy Commission of Nigeria _96054 |
|
| 245 | 0 | 0 |
_aEnergy Commission of Nigeria _h[electronic resource] |
| 260 |
_aAbuja _bECN _c2012 |
||
| 520 | _aEnergy Commission of Nigeria organises overall energy sector planning and policy implementation and promotes the diversification of energy resources. Now introducing new and alternative sources of energy such as solar, wind, biomass and nuclear energy. | ||
| 590 | _aKA | ||
| 651 | 4 | _aNigeria | |
| 690 |
_aEnergy _96237 |
||
| 690 |
_aEnvironment _96238 |
||
| 856 | 4 | 0 |
_uhttps://www.energy.gov.ng/ _zview the website free of charge at www.energy.gov.ng |
| 942 | _n0 | ||
| 999 |
_c120980 _d120980 |
||